Word Ladder: 3-Letter Dictators Quiz Stats

 Plays Quiz Updated Mar 14, 2019

Score 0/22 Timer 02:00
2 Plays Today
Hint 3-Letter Word % Correct
♦ ___ Jong-il, North Korea (1994-2011) ♦♦KIM♦
95.5%
Sum numbersADD
94.1%
Blood relativesKIN
92.7%
Farm squealerPIG
92.6%
Lend a helping handAID
92.4%
None too brightDIM
92.2%
Removable hairdoWIG
91.8%
Fruity drinkADE
91.4%
An animal handPAW
90.2%
A cow's opinion?MOO
90.2%
Completed, achievedDID
88.5%
Hint 3-Letter Word % Correct
One captured in combatPOW
88.2%
Common salt suffixIDE
87.8%
Dove chatterCOO
86.6%
♦ Ne ___, Burma (1962-88) ♦♦WIN♦
85.4%
♦ ___ Zedong, People's Republic of China (1949-76) ♦♦MAO♦
84.7%
♦ Ho ___ Minh, North Vietnam (1941-69) ♦♦CHI♦
84.6%
♦ Pol ___, Khmer Rouge (1963-97) ♦♦POT♦
83.7%
♦ ___ Amin, Uganda (1971-79) ♦♦IDI♦
82.8%
A deep holePIT
82.1%
Harry Potter's first girlfriendCHO
79.8%
Gaping mouthMAW
79.4%

Today's Daily Dose

Missing Word
Video Games (A-Z)

Get the Picture
Tom Hanks

You're not logged in!

Compare scores with friends on all Sporcle quizzes.
OR
Log In

Sporcle TV

Today on Sporcle TV


Watch our educational content, quiz creation guides, and fun videos on Sporcle TV.

Show Comments

Extras

Top Quizzes Today


Score Distribution

Your Account Isn't Verified!

In order to create a playlist on Sporcle, you need to verify the email address you used during registration. Go to your Sporcle Settings to finish the process.

Report this User

Report this user for behavior that violates our Community Guidelines.

Details: